Top 10 Sites Internet les plus visités - Statistiques

Statistiques générales
  • Ce quiz a été pris 887 fois
  • Le résultat moyen est 5 sur 10
Statistiques - réponses
Hint Réponse Trafic mensuel % Correct
1. google.com 2 524.3 M
88%
10. google.fr 154.1 M
88%
2. youtube.com 1 869.2 M
74%
4. pornhub.com 417.4 M
68%
5. facebook.com 288.0 M
62%
8. amazon.fr 173.0 M
48%
7. wikipedia.org 202.9 M
47%
9. twitter.com 160.6 M
39%
6. japscan.me 218.9 M
1%
3. voiranime.com 461.1 M
1%
Aucun quiz correspondant
Distribution des résultats
% des personnes avec chaque résultat
Percentile par nombre de réponses
Votre historique - résultats
Vous n’avez pas pris ce quiz